00686nam a2200217 i 4500001000700000003000900007005001700016007000300033008004100036080001200077100002900089245007300118260004700191300002200238490002100260500004300281500006700324650002300391830002100414852003300435110526ES-MaACL20230906185056.0t|070126s1975 fr ||||1| fre d a782(44)1 aLa Laurencie, Lionel de.14aLes créateurs de l'opéra français / cpar Lionel de Laurencie. aParis : bEditions d'Aujourd'hui, c[1975] a215 p. ; c19 cm.1 aLes introuvables aBiblioteca Jacinto Martínez Lacalle. aReimpresión de la ed. de 1930 publicada por F. Alcan, Paris. 4aÓpera-zFrancia.0 aLes introuvables aES-MaACLjE-11575 bR.139599